Código de aguas: concordancias e índice de materias
Guardat en:
| Autors principals: | , |
|---|---|
| Format: | Llibre |
| Idioma: | espanyol |
| Publicat: |
Santiago
Legal Publishing
2013
|
| Edició: | 13a. ed |
| Matèries: | |
| Etiquetes: |
Afegir etiqueta
Sense etiquetes, Sigues el primer a etiquetar aquest registre!
|
MARC
| LEADER | 00000cam a2200000 a 4500 | ||
|---|---|---|---|
| 001 | UCF7029 | ||
| 003 | CL-VaPUC | ||
| 008 | 130606e20130000CL |||||||||||||||||spa|d | ||
| 020 | |a 9789563462876 | ||
| 082 | 0 | 4 | |a 346.04691 |b ARE |2 21 |
| 100 | 0 | |a Arévalo Cunich, Gonzalo |e author |9 568998 | |
| 700 | 0 | |a Ramírez Huanca, Dino |e author |9 568999 | |
| 245 | 1 | 0 | |a Código de aguas: concordancias e índice de materias |
| 250 | |a 13a. ed | ||
| 300 | |a 290 p | ||
| 942 | |c BK | ||
| 945 | |d 20130606 00:00:00 |a dcastane | ||
| 260 | |a Santiago |b Legal Publishing |c 2013 | ||
| 500 | |a Edición actualizada al 4 de enero de 2013 | ||
| 650 | 0 | |a Código de aguas |9 380665 | |
| 650 | 0 | |a Abastecimiento de agua |9 260374 | |
| 583 | |a last modification |c 20130606 11:56:00 |k Rodrigo Vera | ||
| 999 | |c 351989 |d 351987 | ||
| 952 | |0 0 |1 0 |4 0 |6 346_046910000000000_ARE_2013 |7 0 |8 R |9 456468 |a BIBDER |b BIBDER |d 2019-11-22 |i 4970764 |l 3 |m 3 |o 346.04691 ARE 2013 |p 4970764 |q 2025-07-31 |r 2025-01-06 |s 2025-01-06 |w 2019-11-22 |y BK_R |k DER | ||